|
|
|
|
| LEADER |
00000nab a2200000 a 4500 |
| 001 |
vtls001000260 |
| 003 |
SK-MaSNL |
| 005 |
20260304174901.0 |
| 008 |
040720e19950811xo 0 slo |
| 035 |
|
|
|a RV860
|
| 040 |
|
|
|a RVGKPD
|b slo
|c RVGKPD
|e AACR2
|
| 041 |
0 |
|
|a slo
|
| 044 |
|
|
|a xo
|c SK
|
| 080 |
|
|
|a 36
|2 1981
|
| 100 |
0 |
|
|a -iv-
|4 aut
|9 947217
|
| 245 |
1 |
0 |
|a Hovorili o problémoch
|
| 650 |
0 |
7 |
|a sociálna starostlivosť
|2 RVGKPD
|9 3737
|
| 650 |
0 |
7 |
|a stretnutie zainteresovaných
|2 RVGKPD
|9 1506725
|
| 651 |
|
7 |
|a Rožňava (Slovensko)
|2 RVGKPD
|9 17394
|
| 773 |
0 |
8 |
|t Rožňavské noviny=Rozsnyói Újság
|g Roč. 3, č.13, 11.8.1995, s. 1
|
| 852 |
|
|
|a ZVYKNI
|b KIS3GCP
|
| 999 |
|
|
|c 3010839
|d 3012769
|